000 01070nam a22002897a 4500
003 BD-DhSAU
005 20181206162458.0
008 151020b2014 bg ||||| |||| 001 0 eng d
040 _aBD-DhSAU
082 _222
_a630
_bM7417
100 _aMondol, Amit Partha
_eRegistration # 07-02357
245 _aAssessment of sri with conventional method of rice cultivation in boro season /
_bMS thesis
260 _aSher-e-Bangla Agricultural Uniersity :
_bDepartment of Agronomy
_c2014
300 _axvii, 133 p. :
_bill. ;
_c30 cm.
500 _aMS thesis of Department of Agronomy , Faculty of Agriculture, Sher-e-Bangla Agricultural University, Dhaka, Bangladesh
590 _aMd. Sirajul Islam
650 _aAgronomy
650 _aConventional
650 _aMethod
650 _aRice
650 _aCultivation
650 _aSeason
700 _aBiswas, Parimal Kanti
_eSupervisor
700 _aIslam, Shahidul
_eCo-Supervisor
856 _uhttp://archive.saulibrary.edu.bd:8080/xmlui/handle/123456789/675
_yOnline Access
942 _2ddc
_cTHESIS
999 _c13173
_d13172